Countries that Beat the United Arab Emirates - Statistics

General Stats
  • This quiz has been taken 50 times
  • The average score is 12 of 15
Answer Stats
Rank Category Country % Correct
#3 Most skyscrapers China | United States
100%
#9 Ranked highest in the 'COVID-19 regional safety assesment' Germany | New Zealand | South Korea | Switzerland | Japan | Australia | China | Austria
100%
#5 Largest city starting with 'D' (Name the country, not the city) India | Bangladesh | United States | Tanzania
100%
#8 Richest per-capita GDP Monaco | Liechtenstein | Qatar | Luxembourg | Singapore | Brunei | Ireland
97%
#12 Largest mosque Saudi Arabia | Pakistan | Iraq | Iran | Indonesia | India | Algeria | Morocco | Turkey | Philippines | Bangladesh
97%
#7 Highest HDI in Asia Singapore | Japan | Israel | South Korea | Taiwan | Cyprus
97%
#7 Most proven oil reserves Venezuela | Saudi Arabia | Canada | Iran | Iraq | Kuwait
97%
#2 Most desalinated water Saudi Arabia
94%
#4 Largest country without any permanent rivers Saudi Arabia | Yemen | Oman
94%
#3 Most pollution per capita Qatar | Kuwait
81%
#2 Highest percentage of expats Qatar
78%
#7 Longest name* Saint Vincent and the Grenadines | D.R Congo | F.S Micronesia | Central African Republic | Bosnia and Herzegovina | Republic of the Congo
58%
#2 Safest country Finland
33%
#2 Most immigrants per capita Vatican City
33%
#3 Busiest airport United States | China
0%
No matching quizzes found
Score Distribution
Percent of People with Each Score
Percentile by Number Answered
Your Score History
You have not taken this quiz